Quel(s) pape(s) dans ce pays ? (1) - Statistiques

Statistiques générales
  • Ce quiz a été pris 8 fois
  • Le résultat moyen est 22 sur 400
Statistiques - réponses
Question Tuile Select % Correct
Bahamas Non
88%
Bahamas Non
75%
Nigeria Non
75%
Bahamas Non
50%
Estonie Non
50%
Nigeria Non
50%
Bahamas Oui
38%
Estonie Non
38%
Nigeria Non
38%
Pérou Non
38%
Pérou Non
38%
Autriche Oui
25%
Autriche Non
25%
Estonie Oui
25%
Guinée Non
25%
Guinée Non
25%
Royaume-Uni Oui
25%
Royaume-Uni Non
25%
Argentine Non
13%
Argentine Oui
13%
Argentine Non
13%
Argentine Non
13%
Arménie Non
13%
Azerbaïdjan Non
13%
Autriche Oui
13%
Autriche Non
13%
Australie Oui
13%
Australie Non
13%
Burkina Faso Non
13%
Burkina Faso Non
13%
Canada Non
13%
Côte d'ivoire Non
13%
Côte d'ivoire Non
13%
Croatie Non
13%
Allemagne Non
13%
Cameroun Oui
13%
Cameroun Non
13%
Cameroun Non
13%
Corée-du-Sud Non
13%
Corée-du-Sud Oui
13%
Corée-du-Sud Non
13%
RD Congo Non
13%
RD Congo Oui
13%
RD Congo Non
13%
Bulgarie Non
13%
Bulgarie Non
13%
Bulgarie Oui
13%
Burundi Non
13%
Burundi Non
13%
Cap-vert Non
13%
Cap-vert Non
13%
Congo Non
13%
Congo Non
13%
Equateur Non
13%
Equateur Non
13%
Equateur Oui
13%
Etats-Unis Oui
13%
Egypte Non
13%
France Oui
13%
France Oui
13%
Finlande Non
13%
Finlande Non
13%
Gambie Non
13%
Gambie Non
13%
Géorgie Non
13%
Géorgie Non
13%
Géorgie Oui
13%
Ghana Non
13%
Ghana Non
13%
Grèce Non
13%
Guinée Bissau Non
13%
Guinée Bissau Non
13%
Guinée Oui
13%
Guinée Non
13%
Irlande Non
13%
Israël Oui
13%
Inde Non
13%
Kazakhstan Non
13%
Kazakhstan Non
13%
Kazakhstan Oui
13%
Lettonie Non
13%
Lettonie Non
13%
Lettonie Oui
13%
Lituanie Non
13%
Luxembourg Non
13%
Luxembourg Non
13%
Madagascar Non
13%
Madagascar Oui
13%
Madagascar Non
13%
Malawi Non
13%
Malawi Non
13%
Mali Non
13%
Mali Non
13%
Maurice Non
13%
Maurice Oui
13%
Maurice Non
13%
Mozambique Non
13%
Mozambique Non
13%
Mozambique Oui
13%
Nicaragua Non
13%
Nicaragua Non
13%
Nigeria Oui
13%
Nouvelle-Zélande Non
13%
Nouvelle-Zélande Non
13%
Pologne Non
13%
Pologne Oui
13%
Portugal Oui
13%
Papouasie-Nouvelle-Guinée Non
13%
Papouasie-Nouvelle-Guinée Oui
13%
Papouasie-Nouvelle-Guinée Non
13%
Papouasie-Nouvelle-Guinée Non
13%
Pérou Oui
13%
Pérou Oui
13%
Philippines Non
13%
Philippines Oui
13%
Panama Non
13%
Panama Oui
13%
Panama Non
13%
Roumanie Non
13%
Royaume-Uni Oui
13%
Royaume-Uni Non
13%
Rwanda Non
13%
Rwanda Non
13%
Suisse Non
13%
Suisse Oui
13%
Suisse Oui
13%
Slovaquie Non
13%
Slovénie Non
13%
Slovénie Non
13%
Saint-Marin Non
13%
Sao Tomé et Principe Non
13%
Sao Tomé et Principe Non
13%
Sénégal Non
13%
Sénégal Non
13%
Salomon Non
13%
Salomon Non
13%
Afrique-du-Sud Non
0%
Afrique-du-Sud Oui
0%
Afrique-du-Sud Non
0%
Afrique-du-Sud Non
0%
Albanie Non
0%
Albanie Oui
0%
Albanie Non
0%
Albanie Non
0%
Angola Oui
0%
Angola Oui
0%
Angola Non
0%
Angola Oui
0%
Arménie Oui
0%
Arménie Non
0%
Arménie Oui
0%
Azerbaïdjan Non
0%
Azerbaïdjan Oui
0%
Azerbaïdjan Oui
0%
Australie Oui
0%
Australie Oui
0%
Brésil Oui
0%
Brésil Oui
0%
Brésil Non
0%
Brésil Oui
0%
Belgique Non
0%
Belgique Oui
0%
Belgique Non
0%
Belgique Non
0%
Bénin Oui
0%
Bénin Oui
0%
Bénin Non
0%
Bénin Non
0%
Bosnie-Herzégovine Non
0%
Bosnie-Herzégovine Oui
0%
Bosnie-Herzégovine Non
0%
Bosnie-Herzégovine Oui
0%
Burkina Faso Oui
0%
Burkina Faso Non
0%
Canada Oui
0%
Canada Non
0%
Canada Oui
0%
Côte d'ivoire Oui
0%
Côte d'ivoire Non
0%
Croatie Oui
0%
Croatie Oui
0%
Croatie Non
0%
Allemagne Oui
0%
Allemagne Oui
0%
Allemagne Non
0%
Cameroun Oui
0%
Corée-du-Sud Oui
0%
RD Congo Oui
0%
Bulgarie Oui
0%
Burundi Non
0%
Burundi Oui
0%
Cap-vert Oui
0%
Cap-vert Non
0%
Centrafrique Non
0%
Centrafrique Oui
0%
Centrafrique Non
0%
Centrafrique Oui
0%
Chili Non
0%
Chili Oui
0%
Chili Non
0%
Chili Oui
0%
Colombie Non
0%
Colombie Oui
0%
Colombie Oui
0%
Colombie Oui
0%
Congo Oui
0%
Congo Non
0%
Costa Rica Non
0%
Costa Rica Oui
0%
Costa Rica Non
0%
Costa Rica Non
0%
Cuba Oui
0%
Cuba Oui
0%
Cuba Non
0%
Cuba Oui
0%
République dominicaine Non
0%
République dominicaine Oui
0%
République dominicaine Non
0%
République dominicaine Non
0%
Danemark Non
0%
Danemark Oui
0%
Danemark Non
0%
Danemark Non
0%
Espagne Oui
0%
Espagne Oui
0%
Espagne Non
0%
Espagne Non
0%
Equateur Oui
0%
Etats-Unis Oui
0%
Etats-Unis Oui
0%
Etats-Unis Oui
0%
Egypte Oui
0%
Egypte Non
0%
Egypte Oui
0%
Estonie Oui
0%
France Oui
0%
France Non
0%
Fidji Non
0%
Fidji Oui
0%
Fidji Non
0%
Fidji Non
0%
Finlande Non
0%
Finlande Oui
0%
Guatemala Non
0%
Guatemala Oui
0%
Guatemala Non
0%
Guatemala Non
0%
Gabon Non
0%
Gabon Oui
0%
Gabon Non
0%
Gabon Non
0%
Gambie Oui
0%
Gambie Non
0%
Géorgie Oui
0%
Ghana Oui
0%
Ghana Non
0%
Grèce Non
0%
Grèce Oui
0%
Grèce Oui
0%
Guinée Bissau Oui
0%
Guinée Bissau Non
0%
Guinée équatoriale Non
0%
Guinée équatoriale Oui
0%
Guinée équatoriale Non
0%
Guinée équatoriale Non
0%
Haïti Non
0%
Haïti Oui
0%
Haïti Non
0%
Haïti Non
0%
Hongrie Non
0%
Hongrie Oui
0%
Hongrie Non
0%
Hongrie Oui
0%
Irlande Oui
0%
Irlande Non
0%
Irlande Oui
0%
Islande Non
0%
Islande Oui
0%
Islande Non
0%
Islande Non
0%
Israël Oui
0%
Israël Oui
0%
Israël Oui
0%
Inde Non
0%
Inde Oui
0%
Inde Oui
0%
Jamaïque Non
0%
Jamaïque Oui
0%
Jamaïque Non
0%
Jamaïque Non
0%
Japon Non
0%
Japon Oui
0%
Japon Non
0%
Japon Oui
0%
Jordanie Oui
0%
Jordanie Oui
0%
Jordanie Oui
0%
Jordanie Oui
0%
Kazakhstan Oui
0%
Lettonie Oui
0%
Liban Oui
0%
Liban Oui
0%
Liban Oui
0%
Liban Non
0%
Lesotho Non
0%
Lesotho Oui
0%
Lesotho Non
0%
Lesotho Non
0%
Liechtenstein Non
0%
Liechtenstein Oui
0%
Liechtenstein Non
0%
Liechtenstein Non
0%
Lituanie Oui
0%
Lituanie Non
0%
Lituanie Oui
0%
Luxembourg Non
0%
Luxembourg Oui
0%
Mexique Oui
0%
Mexique Oui
0%
Mexique Non
0%
Mexique Oui
0%
Malte Oui
0%
Malte Oui
0%
Malte Non
0%
Malte Oui
0%
Kenya Non
0%
Kenya Oui
0%
Kenya Non
0%
Kenya Oui
0%
Madagascar Oui
0%
Malawi Oui
0%
Malawi Non
0%
Mali Oui
0%
Mali Non
0%
Maroc Non
0%
Maroc Oui
0%
Maroc Non
0%
Maroc Oui
0%
Maurice Oui
0%
Mozambique Oui
0%
Nicaragua Oui
0%
Nicaragua Non
0%
Nouvelle-Zélande Non
0%
Nouvelle-Zélande Oui
0%
Norvège Non
0%
Norvège Oui
0%
Norvège Non
0%
Norvège Non
0%
Ouganda Non
0%
Ouganda Oui
0%
Ouganda Oui
0%
Ouganda Oui
0%
Pologne Oui
0%
Pologne Oui
0%
Portugal Oui
0%
Portugal Oui
0%
Portugal Oui
0%
Philippines Oui
0%
Philippines Oui
0%
Pays-Bas Non
0%
Pays-Bas Oui
0%
Pays-Bas Non
0%
Pays-Bas Non
0%
Pakistan Non
0%
Pakistan Oui
0%
Pakistan Non
0%
Pakistan Non
0%
Panama Oui
0%
Paraguay Non
0%
Paraguay Oui
0%
Paraguay Non
0%
Paraguay Oui
0%
Roumanie Oui
0%
Roumanie Non
0%
Roumanie Oui
0%
Rwanda Oui
0%
Rwanda Non
0%
Suisse Oui
0%
Slovaquie Oui
0%
Slovaquie Non
0%
Slovaquie Oui
0%
Slovénie Oui
0%
Slovénie Non
0%
Saint-Marin Oui
0%
Saint-Marin Oui
0%
Saint-Marin Non
0%
Sao Tomé et Principe Oui
0%
Sao Tomé et Principe Non
0%
Sénégal Oui
0%
Sénégal Non
0%
Seychelles Non
0%
Seychelles Oui
0%
Seychelles Non
0%
Seychelles Non
0%
Singapour Non
0%
Singapour Oui
0%
Singapour Non
0%
Singapour Non
0%
Salomon Non
0%
Salomon Oui
0%
Aucun quiz correspondant
Distribution des résultats
% des personnes avec chaque résultat
Percentile par nombre de réponses
Votre historique - résultats
Vous n’avez pas pris ce quiz